000 00279nam a2200109Ia 4500
008 200302s9999 xx 000 0 und d
100 _aDavid Harvey
245 _aSeventeen Contradictions and the end of Capitalism
260 _bProfile Books Ltd.,
260 _c2014
300 _a338
999 _c5299
_d5299